| 000 | 00449nam a2200157 i 4500 | ||
|---|---|---|---|
| 001 | 63418 | ||
| 003 | ES-MaACL | ||
| 007 | t| | ||
| 008 | 031210s1954 sp ||||1| spa d | ||
| 100 | 1 |
_aFerreiro Rodríguez, Fernando. _950399 |
|
| 245 | 1 | 4 |
_aLos arbitrajes de derecho privado / _cFernando Ferreiro. |
| 250 | _a1ª ed. | ||
| 260 |
_aBilbao : _bLa Editorial Vizcaina, _c[1954] |
||
| 300 |
_a112 p. ; _c21 cm. |
||
| 852 |
_aES-MaACL _jC-8256 _bR.36507 |
||
| 999 |
_c63418 _d63418 |
||